000 00600nam a22001097a 4500
040 _cAGR
100 _aSAN, SOVANNARATH
245 _aEffect of different organic fertilizers on chinese chives in crop station of royal university of agriculture ឥទ្ធិពលនៃប្រភេទជីធម្មជាតិទៅលើដំណាំគូឆាយស្លឹកនៅស្ថានីយ៍ពិសោធន៍ដំណាំនៃសាកលវិទ្យាល័យភូមិន្ទកសិកម្ម
260 _aPhnom penh
_bAGR
_c2009
856 _uSAN SOVANN
942 _cAGR
999 _c993
_d993